[Event "I Festival Master"]
[Site "Lignano Sabbiadoro ITA"]
[Date "2015.08.05"]
[Round "6"]
[White "Balzan, Alessandro"]
[Black "Bergamasco, Tommaso"]
[WhiteElo "2079"]
[BlackElo "2042"]
[Result "1-0"]
[PlyCount "141"]
[EventDate "2015.08.01"]

1. e4 e5 2. Nf3 d6 3. d4 Nf6 4. Nc3 Nbd7 5. Bc4 Be7 6. O-O O-O 7. h3 c6 8. a4
b6 9. Be3 Bb7 10. Qe2 a6 11. dxe5 dxe5 12. Rad1 Qc7 13. Ne1 b5 14. Bd3 Bc5 15.
Kh1 Rfe8 16. g4 Bxe3 17. Qxe3 Re7 18. Ng2 Rae8 19. Be2 b4 20. Nb1 Nf8 21. Nd2
Ne6 22. Nc4 c5 23. f3 Bc6 24. a5 Rd7 25. Rxd7 Nxd7 26. Rd1 Ndf8 27. c3 Bb5 28.
Nb6 Rd8 29. Rxd8 Qxd8 30. Bxb5 axb5 31. cxb4 Qd1+ 32. Kh2 cxb4 33. Nd5 Nd4 34.
Nxb4 Nxf3+ 35. Kg3 Nd2 36. Qd3 Ne6 37. a6 Qc1 38. a7 Nf1+ 39. Qxf1 Qxf1 40.
a8=Q+ Nf8 41. Qd5 h5 42. Qd3 h4+ 43. Kh2 Qf2 44. Nc2 Ne6 45. b4 g6 46. Nce1 Nd4
47. Qe3 Qb2 48. Nd3 Qc3 49. Nge1 Kg7 50. Qc1 Qb3 51. Qc5 Qa2+ 52. Kh1 Ne6 53.
Qxe5+ Kh7 54. Qf6 Kg8 55. Qxh4 Qe2 56. Qf2 Qxe4+ 57. Qf3 Qd4 58. Qf2 Qd5+ 59.
Qf3 Qd4 60. Kg2 Ng5 61. Qf4 Qd5+ 62. Nf3 Ne4 63. Nf2 Nc3 64. Qd4 Qb3 65. Nd2
Qc2 66. Nde4 Ne2 67. Qe5 Nc1 68. Qxb5 Ne2 69. Qe5 Nc1 70. Nf6+ Kf8 71. Qc5+ 1-0

[Event "I Festival Master"]
[Site "Lignano Sabbiadoro ITA"]
[Date "2015.08.05"]
[Round "6"]
[White "Cardarelli, Angelo"]
[Black "Poliakov, Artem"]
[WhiteElo "1977"]
[BlackElo "2054"]
[Result "1-0"]
[PlyCount "91"]
[EventDate "2015.08.01"]

1. Nf3 f5 2. c4 Nf6 3. Nc3 d6 4. d4 g6 5. Bf4 Bg7 6. e3 O-O 7. Be2 c6 8. O-O
Nbd7 9. h3 Qe8 10. d5 Nc5 11. Qc2 a5 12. Rfd1 Bd7 13. Rac1 Rc8 14. dxc6 bxc6
15. Na4 Nxa4 16. Qxa4 c5 17. Qc2 Rb8 18. Nd2 Ne4 19. b3 Nc3 20. Re1 Nxe2+ 21.
Rxe2 Bc6 22. f3 Qd7 23. a4 h6 24. h4 Kh7 25. Kf2 e5 26. Bg3 f4 27. exf4 exf4
28. Bh2 Qd8 29. g3 Rf5 30. Rce1 Rb7 31. Kg2 fxg3 32. Bxg3 Rbf7 33. Re6 Qa8 34.
Ne4 Rxf3 35. h5 R3f6 36. hxg6+ Rxg6 37. Rxg6 Kxg6 38. Kh2 Bxe4 39. Rxe4 Rf5 40.
Rg4+ Kf6 41. Qc3+ Re5 42. Bxe5+ dxe5 43. Qd3 Bf8 44. Rg6+ Ke7 45. Qd6+ Kf7 46.
Qe6# 1-0

[Event "I Festival Master"]
[Site "Lignano Sabbiadoro ITA"]
[Date "2015.08.05"]
[Round "6"]
[White "Drasko, Milan"]
[Black "Bodiroga, Predrag"]
[WhiteElo "2439"]
[BlackElo "2342"]
[Result "1/2-1/2"]
[PlyCount "31"]
[EventDate "2015.08.01"]

1. Nf3 d5 2. g3 Nf6 3. Bg2 e6 4. O-O Be7 5. c4 O-O 6. b3 c5 7. Bb2 Nc6 8. e3 d4
9. exd4 cxd4 10. Re1 Re8 11. a3 a5 12. d3 Bf8 13. Ne5 Nxe5 14. Rxe5 Nd7 15. Re1
e5 16. Nd2 1/2-1/2

[Event "I Festival Master"]
[Site "Lignano Sabbiadoro ITA"]
[Date "2015.08.05"]
[Round "6"]
[White "Franceschi, Riccardo"]
[Black "Ballista, Massimiliano"]
[WhiteElo "2054"]
[BlackElo "2002"]
[Result "1-0"]
[PlyCount "25"]
[EventDate "2015.08.01"]

1. e4 e5 2. Bc4 Nf6 3. d4 exd4 4. Nf3 Nc6 5. O-O Bc5 6. e5 d5 7. exf6 dxc4 8.
fxg7 Rg8 9. Re1+ Be6 10. Bg5 Qd5 11. Nc3 Qf5 12. Ne4 Rxg7 13. Nh4 1-0

[Event "I Festival Master"]
[Site "Lignano Sabbiadoro ITA"]
[Date "2015.08.05"]
[Round "6"]
[White "Kazakov, Mikhail"]
[Black "Micottis, Dorian"]
[WhiteElo "2491"]
[BlackElo "2228"]
[Result "1-0"]
[PlyCount "91"]
[EventDate "2015.08.01"]

1. d4 Nf6 2. c4 g6 3. Nc3 d5 4. Bg5 Ne4 5. Nxe4 dxe4 6. Qd2 Bg7 7. e3 c5 8. d5
h6 9. Bh4 O-O 10. Ne2 Nd7 11. Nc3 g5 12. Bg3 Nf6 13. f3 Bf5 14. Be2 e6 15. O-O
exd5 16. cxd5 a6 17. Rad1 Re8 18. d6 Qd7 19. f4 g4 20. Bh4 Qe6 21. b3 b5 22.
Nd5 Nxd5 23. Qxd5 Bd4 24. Qxe6 Bxe3+ 25. Kh1 fxe6 26. d7 Red8 27. Rd6 Bd4 28.
Rd1 Kf7 29. b4 Bf6 30. Bxf6 Kxf6 31. bxc5 Ke7 32. a4 bxa4 33. Kg1 Ra7 34. c6
Rc7 35. Kf2 e3+ 36. Kxe3 Bc2 37. R1d2 Bb3 38. Bd1 h5 39. Ke4 Bd5+ 40. R2xd5
exd5+ 41. Kxd5 a3 42. Bb3 Rb8 43. Re6+ Kf7 44. Kd6 Rxb3 45. Re7+ Kf6 46. Kxc7
1-0

[Event "I Festival Master"]
[Site "Lignano Sabbiadoro ITA"]
[Date "2015.08.05"]
[Round "6"]
[White "Lodici, Lorenzo"]
[Black "Solomon, Kenny"]
[WhiteElo "2348"]
[BlackElo "2380"]
[Result "1-0"]
[PlyCount "69"]
[EventDate "2015.08.01"]

1. d4 d5 2. c4 c6 3. Nc3 Nf6 4. Nf3 dxc4 5. a4 Bf5 6. e3 e6 7. Bxc4 Bb4 8. O-O
Nbd7 9. Nh4 Bg4 10. f3 Bh5 11. g4 g5 12. gxh5 gxh4 13. h6 Qa5 14. Bd2 O-O-O 15.
Kh1 Nb6 16. Bb3 Rhg8 17. Qe2 Kb8 18. Qf2 Qh5 19. Rg1 Bd6 20. e4 Bg3 21. Rxg3
hxg3 22. Bf4+ Kc8 23. Bxg3 Qxh6 24. a5 Nh5 25. Bh4 Nd7 26. d5 c5 27. Nb5 Kb8
28. dxe6 fxe6 29. Be7 Ne5 30. Rg1 Rxg1+ 31. Qxg1 Nxf3 32. Bd6+ Ka8 33. Qxc5
Ng3+ 34. Bxg3 Qxh2+ 35. Bxh2 1-0

[Event "I Festival Master"]
[Site "Lignano Sabbiadoro ITA"]
[Date "2015.08.05"]
[Round "6"]
[White "Luciani, Valerio"]
[Black "Balzan, Marco"]
[WhiteElo "2249"]
[BlackElo "1954"]
[Result "1-0"]
[PlyCount "87"]
[EventDate "2015.08.01"]

1. e4 c5 2. Nc3 d6 3. g3 Nc6 4. Bg2 e6 5. Nge2 Nf6 6. d4 cxd4 7. Nxd4 Be7 8.
O-O O-O 9. Be3 a6 10. Qe2 Qc7 11. Rad1 Bd7 12. Nxc6 Bxc6 13. f4 b5 14. a3 Rfb8
15. b4 a5 16. g4 axb4 17. axb4 Ra3 18. Rd3 Ba8 19. Nxb5 Rxb5 20. Rxa3 Rb8 21.
g5 Nd7 22. c3 Bc6 23. Rfa1 Bb5 24. Qf2 Qc6 25. Qd2 Nb6 26. Bxb6 Qxb6+ 27. Qf2
Qc6 28. h4 Bd8 29. Qf3 Bb6+ 30. Kh1 Bc4 31. Bf1 Bxf1 32. Rxf1 Re8 33. Rfa1 g6
34. Kg2 d5 35. e5 Qc4 36. Kg3 d4 37. Ra8 Rxa8 38. Rxa8+ Kg7 39. h5 gxh5 40.
Qxh5 Qd3+ 41. Kh4 Qg6 42. Qxg6+ Kxg6 43. c4 d3 44. Ra3 1-0

[Event "I Festival Master"]
[Site "Lignano Sabbiadoro ITA"]
[Date "2015.08.05"]
[Round "6"]
[White "Nester, Ihor"]
[Black "Boscolo, Marco"]
[WhiteElo "2254"]
[BlackElo "2095"]
[Result "1-0"]
[PlyCount "97"]
[EventDate "2015.08.01"]

1. Nf3 Nf6 2. c4 c5 3. Nc3 Nc6 4. d4 cxd4 5. Nxd4 e6 6. a3 a6 7. e4 Qc7 8. Be2
b6 9. Be3 Bb7 10. f3 Ne5 11. Rc1 d6 12. O-O Be7 13. Na4 O-O 14. b4 Rfe8 15. Nb3
Ned7 16. Qe1 Bc6 17. Nc3 Qb8 18. Qf2 Bd8 19. Rfd1 Bc7 20. g4 d5 21. g5 Nh5 22.
cxd5 exd5 23. Nxd5 Bxd5 24. Rxd5 Nf8 25. Bf1 Nf4 26. Rd2 N8e6 27. Rd7 Be5 28.
Nd4 Nxg5 29. Kh1 Bxd4 30. Bxd4 Nfe6 31. Be3 Nf8 32. Rdc7 Nge6 33. R7c6 b5 34.
f4 Qd8 35. Bg2 Nd7 36. e5 Nef8 37. Rd6 Rc8 38. Rcd1 Qe7 39. Rxa6 Rc7 40. Rad6
Rec8 41. Bh3 Ne6 42. f5 Ng5 43. Bxg5 Qxg5 44. Rxd7 Rxd7 45. Rxd7 Rc1+ 46. Bf1
h5 47. e6 fxe6 48. fxe6 Qg4 49. Qg2 1-0

[Event "I Festival Master"]
[Site "Lignano Sabbiadoro ITA"]
[Date "2015.08.05"]
[Round "6"]
[White "Simonetto, Adriano"]
[Black "Vuelban, Virgilio"]
[WhiteElo "2065"]
[BlackElo "2349"]
[Result "0-1"]
[PlyCount "124"]
[EventDate "2015.08.01"]

1. d4 d5 2. c4 c6 3. Nf3 Nf6 4. Qc2 dxc4 5. Qxc4 Bf5 6. Nc3 e6 7. g3 Nbd7 8.
Bg2 h6 9. O-O Be7 10. Re1 O-O 11. e4 Bh7 12. Bf4 Rc8 13. Qb3 Qb6 14. d5 exd5
15. exd5 Bc5 16. Qxb6 axb6 17. dxc6 bxc6 18. h3 g5 19. Be3 Bb4 20. h4 gxh4 21.
Bxh6 hxg3 22. Bxf8 gxf2+ 23. Kxf2 Kxf8 24. Bh3 Ra8 25. Ng5 Bg6 26. Bg2 Ra5 27.
Nge4 Rf5+ 28. Kg1 Nxe4 29. Bxe4 Bc5+ 30. Kg2 Rg5+ 31. Kh3 Rh5+ 32. Kg2 Ne5 33.
Bxg6 Nxg6 34. Ne4 Bd4 35. Rab1 Nf4+ 36. Kf3 Nd3 37. Red1 Ne5+ 38. Kg3 c5 39. b3
f5 40. Nf6 Rh6 41. Nd5 Rd6 42. Nf4 Ng4 43. Ne2 Be5+ 44. Kf3 Nh2+ 45. Kf2 Ng4+
46. Kf3 Nh2+ 47. Kf2 Re6 48. Rd8+ Ke7 49. Rd3 Ng4+ 50. Kf1 f4 51. Rbd1 Ne3+ 52.
Kf2 Nxd1+ 53. Rxd1 Rd6 54. Rxd6 Kxd6 55. Kf3 Kd5 56. Nxf4+ Bxf4 57. Kxf4 Kd4
58. Kf3 Kc3 59. Ke3 Kb2 60. Kd3 Kxa2 61. Kc3 b5 62. b4 c4 0-1

[Event "I Festival Master"]
[Site "Lignano Sabbiadoro ITA"]
[Date "2015.08.05"]
[Round "6"]
[White "Somborski, Nebojsa"]
[Black "Lazic, Miroljub"]
[WhiteElo "2326"]
[BlackElo "2466"]
[Result "1/2-1/2"]
[PlyCount "64"]
[EventDate "2015.08.01"]

1. e4 e5 2. Nf3 d6 3. d4 Qe7 4. Nc3 c6 5. Bg5 Nf6 6. Be2 h6 7. Bh4 Nbd7 8. a4
g6 9. a5 Bg7 10. O-O g5 11. Bg3 Nh5 12. d5 Ndf6 13. a6 O-O 14. axb7 Bxb7 15.
Bc4 cxd5 16. Bxd5 Nxd5 17. Nxd5 Bxd5 18. Qxd5 Nf6 19. Qd3 Qb7 20. Nd2 Qxb2 21.
Rfb1 Qd4 22. Qxd4 exd4 23. Bxd6 Rfc8 24. Ra2 Rc6 25. Rb8+ Rxb8 26. Bxb8 Nxe4
27. Nxe4 d3 28. c3 Rb6 29. g4 Rxb8 30. Rxa7 d2 31. Nxd2 Bxc3 32. Ne4 Be5
1/2-1/2

[Event "I Festival Master"]
[Site "Lignano Sabbiadoro ITA"]
[Date "2015.08.05"]
[Round "6"]
[White "Von Wantoch, Markus"]
[Black "Vita, Fabrizio"]
[WhiteElo "1997"]
[BlackElo "2058"]
[Result "1/2-1/2"]
[PlyCount "35"]
[EventDate "2015.08.01"]

1. e4 c5 2. Nc3 Nc6 3. g3 g6 4. Bg2 Bg7 5. d3 Rb8 6. Be3 d6 7. Nf3 Nd4 8. h3 b5
9. Qd2 b4 10. Nd1 e6 11. O-O Ne7 12. c3 bxc3 13. bxc3 Nxf3+ 14. Bxf3 O-O 15.
Bh6 Ba6 16. Bxg7 Kxg7 17. Ne3 Qc7 18. Rab1 1/2-1/2

[Event "I Festival Master"]
[Site "Lignano Sabbiadoro ITA"]
[Date "2015.08.06"]
[Round "7"]
[White "Bodiroga, Predrag"]
[Black "Kazakov, Mikhail"]
[WhiteElo "2342"]
[BlackElo "2491"]
[Result "0-1"]
[PlyCount "104"]
[EventDate "2015.08.01"]

1. d4 Nf6 2. c4 g6 3. Nc3 d5 4. e3 Bg7 5. cxd5 Nxd5 6. Nxd5 Qxd5 7. Ne2 O-O 8.
Nc3 Qa5 9. Bd2 c6 10. Be2 e5 11. dxe5 Qxe5 12. O-O Nd7 13. Rc1 Rd8 14. Na4 Nb6
15. Nc3 Bf5 16. g4 Bd3 17. Bxd3 Rxd3 18. Qe2 Rad8 19. Rfd1 Nc4 20. Be1 Rxd1 21.
Rxd1 Rxd1 22. Qxd1 Qe6 23. h3 Nxb2 24. Qd8+ Bf8 25. Nd1 Na4 26. Nb2 Nc5 27. Bb4
Qd5 28. Qa8 h5 29. Qxa7 hxg4 30. hxg4 b5 31. Qa3 Ne6 32. Bxf8 Nxf8 33. Qb3 Qe4
34. Qd1 Ne6 35. a4 Qb4 36. Qc2 Qxg4+ 37. Kf1 bxa4 38. Qxa4 Qf3 39. Qb4 Qd5 40.
Nc4 c5 41. Qb8+ Kh7 42. Nb6 Qd3+ 43. Kg2 Qe4+ 44. Kf1 c4 45. Qh2+ Kg7 46. Qd6
c3 47. Qd1 Nc5 48. Nd5 Qc4+ 49. Kg1 Nd3 50. Qf3 Qc6 51. Qe4 c2 52. Qd4+ f6 0-1

[Event "I Festival Master"]
[Site "Lignano Sabbiadoro ITA"]
[Date "2015.08.06"]
[Round "7"]
[White "Boscolo, Marco"]
[Black "Simonetto, Andrea"]
[WhiteElo "2095"]
[BlackElo "2009"]
[Result "1-0"]
[PlyCount "67"]
[EventDate "2015.08.01"]

1. Nf3 d5 2. c4 e6 3. d4 Nf6 4. Nc3 Bb4 5. e3 O-O 6. Bd2 c5 7. cxd5 exd5 8.
dxc5 Bxc5 9. Be2 Nc6 10. Na4 Be7 11. O-O Ne4 12. Nc3 Bf6 13. Be1 Be6 14. Rc1
Rc8 15. Bd3 Nc5 16. Be2 Ne4 17. a3 a5 18. h3 g6 19. Bd3 Nc5 20. Bb5 d4 21. exd4
Nxd4 22. Nxd4 Bxd4 23. Qf3 Qb6 24. a4 Nxa4 25. Bxa4 Qxb2 26. Rb1 Qa3 27. Bb3
Bxc3 28. Bxc3 Rfe8 29. Bxe6 Rxe6 30. Bd4 Qa4 31. Ba1 b5 32. Qb7 Qc2 33. Qxb5
Re2 34. Rb2 1-0

[Event "I Festival Master"]
[Site "Lignano Sabbiadoro ITA"]
[Date "2015.08.06"]
[Round "7"]
[White "Cardarelli, Angelo"]
[Black "Nester, Ihor"]
[WhiteElo "1977"]
[BlackElo "2254"]
[Result "0-1"]
[PlyCount "100"]
[EventDate "2015.08.01"]

1. d4 Nf6 2. c4 e6 3. Nf3 Bb4+ 4. Bd2 Bxd2+ 5. Qxd2 b6 6. g3 Bb7 7. Bg2 O-O 8.
Nc3 d6 9. O-O Ne4 10. Nxe4 Bxe4 11. Nh4 Bxg2 12. Nxg2 Nd7 13. b4 e5 14. dxe5
Nxe5 15. Ne3 Qd7 16. Rac1 a5 17. b5 Rae8 18. Nd5 Re6 19. Kg2 Rfe8 20. e4 Kh8
21. f3 Rh6 22. h4 Ng6 23. Kf2 Nf8 24. Rh1 f5 25. exf5 Qxf5 26. Kg2 Rhe6 27. Nf4
Re5 28. Rhe1 Ne6 29. Nd3 Rxe1 30. Rxe1 Rf8 31. Qe3 h6 32. Qe4 Qf6 33. Re3 Nd4
34. Nf4 Nf5 35. Re2 Nxh4+ 36. Kf2 g5 37. gxh4 gxf4 38. Kg1 Rg8+ 39. Rg2 Qe5 40.
Rxg8+ Kxg8 41. Qxe5 dxe5 42. Kf2 Kf7 43. Ke2 Kg6 44. Kd3 Kh5 45. Ke4 Kxh4 46.
Kxe5 Kg3 47. Kd5 Kxf3 48. Kc6 Ke4 49. c5 bxc5 50. Kxc7 f3 0-1

[Event "I Festival Master"]
[Site "Lignano Sabbiadoro ITA"]
[Date "2015.08.06"]
[Round "7"]
[White "Lazic, Miroljub"]
[Black "Drasko, Milan"]
[WhiteElo "2466"]
[BlackElo "2439"]
[Result "1/2-1/2"]
[PlyCount "24"]
[EventDate "2015.08.01"]

1. c4 e6 2. Nc3 Bb4 3. g3 d5 4. cxd5 exd5 5. Bg2 c6 6. Nf3 Nf6 7. O-O O-O 8. d3
Re8 9. a3 Bxc3 10. bxc3 Na6 11. Re1 Bg4 12. Qc2 h6 1/2-1/2

[Event "I Festival Master"]
[Site "Lignano Sabbiadoro ITA"]
[Date "2015.08.06"]
[Round "7"]
[White "Micottis, Dorian"]
[Black "Solinas, Carlo"]
[WhiteElo "2228"]
[BlackElo "1987"]
[Result "1-0"]
[PlyCount "59"]
[EventDate "2015.08.01"]

1. d4 Nf6 2. Nf3 g6 3. g3 Bg7 4. Bg2 O-O 5. O-O d6 6. c4 c6 7. b3 Qa5 8. Bb2
Qh5 9. Nbd2 Bg4 10. Qc2 Nbd7 11. e4 e5 12. dxe5 Nxe5 13. Nxe5 dxe5 14. f3 Bh3
15. c5 Bxg2 16. Kxg2 Nd7 17. b4 b5 18. cxb6 axb6 19. Nc4 b5 20. Rfd1 Ra7 21.
Na5 Rc7 22. Rd6 Rfc8 23. Rad1 Nb6 24. Rd8+ Bf8 25. Bc1 Kg7 26. Qf2 Rxd8 27.
Rxd8 Be7 28. Re8 Nc4 29. Rxe7 Rxe7 30. g4 1-0

[Event "I Festival Master"]
[Site "Lignano Sabbiadoro ITA"]
[Date "2015.08.06"]
[Round "7"]
[White "Muller, Etienne"]
[Black "Franceschi, Riccardo"]
[WhiteElo "2167"]
[BlackElo "2054"]
[Result "1/2-1/2"]
[PlyCount "48"]
[EventDate "2015.08.01"]

1. e4 d5 2. exd5 Qxd5 3. Nc3 Qa5 4. d4 c6 5. Nf3 Nf6 6. Ne5 Be6 7. Nc4 Qc7 8.
Bg5 Nbd7 9. Ne3 Qa5 10. Bf4 g5 11. Bg3 h5 12. f3 Bh6 13. Nc4 Qd8 14. Bd3 g4 15.
Qe2 gxf3 16. gxf3 Nb6 17. Be5 Rg8 18. Ne3 Nbd5 19. Ncxd5 Nxd5 20. Nxd5 Qxd5 21.
c4 Qa5+ 22. Kf2 Bh3 23. Rhg1 O-O-O 24. Rxg8 Rxg8 1/2-1/2

[Event "I Festival Master"]
[Site "Lignano Sabbiadoro ITA"]
[Date "2015.08.06"]
[Round "7"]
[White "Poliakov, Artem"]
[Black "Ballista, Massimiliano"]
[WhiteElo "2054"]
[BlackElo "2002"]
[Result "1/2-1/2"]
[PlyCount "41"]
[EventDate "2015.08.01"]

1. d4 d5 2. c4 e6 3. Nc3 Be7 4. cxd5 exd5 5. Nf3 Nf6 6. Bg5 c6 7. e3 Bf5 8. Qb3
Qb6 9. Qxb6 axb6 10. Bxf6 Bxf6 11. Kd2 O-O 12. Bd3 Bxd3 13. Kxd3 Rd8 14. g4 c5
15. h4 Nc6 16. h5 h6 17. Rhg1 Rac8 18. Rac1 Ra8 19. Ra1 Rac8 20. Rac1 Ra8 21.
Ra1 1/2-1/2

[Event "I Festival Master"]
[Site "Lignano Sabbiadoro ITA"]
[Date "2015.08.06"]
[Round "7"]
[White "Solomon, Kenny"]
[Black "Balzan, Alessandro"]
[WhiteElo "2380"]
[BlackElo "2079"]
[Result "1-0"]
[PlyCount "49"]
[EventDate "2015.08.01"]

1. d4 d5 2. Nf3 Nf6 3. c4 e6 4. Nc3 Nbd7 5. Bg5 Be7 6. e3 O-O 7. Qc2 h6 8. Bh4
c6 9. Rd1 Qa5 10. cxd5 cxd5 11. Bd3 Re8 12. O-O a6 13. Bxf6 Nxf6 14. Ne5 Bd7
15. f4 Rac8 16. g4 Bb5 17. g5 Ne4 18. gxh6 Bxd3 19. Qxd3 f5 20. Nxe4 dxe4 21.
Qe2 gxh6 22. Qh5 Rf8 23. Qg6+ Kh8 24. Qxh6+ Kg8 25. Kh1 1-0

[Event "I Festival Master"]
[Site "Lignano Sabbiadoro ITA"]
[Date "2015.08.06"]
[Round "7"]
[White "Somborski, Nebojsa"]
[Black "Luciani, Valerio"]
[WhiteElo "2326"]
[BlackElo "2249"]
[Result "1-0"]
[PlyCount "63"]
[EventDate "2015.08.01"]

1. e4 e6 2. d4 d5 3. Nd2 Nc6 4. Ngf3 Nf6 5. e5 Nd7 6. Be2 f6 7. exf6 Qxf6 8.
Nf1 Bd6 9. Ne3 O-O 10. O-O Ne7 11. c4 c6 12. Ng4 Qg6 13. Nh4 Qf7 14. c5 Bc7 15.
f4 Nf5 16. Nf3 Qe7 17. b4 b6 18. Rb1 b5 19. a4 a6 20. Bd3 bxa4 21. Re1 h6 22.
Ra1 Nh4 23. Nxh4 Qxh4 24. g3 Qe7 25. Qxa4 Nb8 26. Qd1 Qf7 27. Qe2 Ra7 28. Bd2
Bd7 29. Rf1 Qe8 30. Bc2 Kf7 31. Rae1 Bc8 32. Qd3 1-0

[Event "I Festival Master"]
[Site "Lignano Sabbiadoro ITA"]
[Date "2015.08.06"]
[Round "7"]
[White "Vita, Fabrizio"]
[Black "Balzan, Marco"]
[WhiteElo "2058"]
[BlackElo "1954"]
[Result "1-0"]
[PlyCount "41"]
[EventDate "2015.08.01"]

1. c4 e5 2. Nc3 Nf6 3. g3 d5 4. cxd5 Nxd5 5. Nf3 Nb6 6. Bg2 Nc6 7. a3 a5 8. O-O
Be7 9. d3 O-O 10. Be3 Be6 11. Ne4 Nd5 12. Bc5 f6 13. Rc1 Bf7 14. d4 Bxc5 15.
Nxc5 b6 16. Nb3 Nxd4 17. Nbxd4 exd4 18. Nxd4 c5 19. Nc6 Qd7 20. Bxd5 Bxd5 21.
Qxd5+ 1-0

[Event "I Festival Master"]
[Site "Lignano Sabbiadoro ITA"]
[Date "2015.08.06"]
[Round "7"]
[White "Von Wantoch, Markus"]
[Black "Simonetto, Adriano"]
[WhiteElo "1997"]
[BlackElo "2065"]
[Result "1/2-1/2"]
[PlyCount "32"]
[EventDate "2015.08.01"]

1. e4 e5 2. Nc3 Nf6 3. Bc4 Nxe4 4. Qh5 Nd6 5. Qxe5+ Qe7 6. Qxe7+ Bxe7 7. Bb3 c6
8. Nf3 Nf5 9. O-O d5 10. Re1 Be6 11. Ne2 Na6 12. c3 Nd6 13. Ned4 Nc7 14. d3 h6
15. Bf4 O-O 16. Rad1 Rad8 1/2-1/2

[Event "I Festival Master"]
[Site "Lignano Sabbiadoro ITA"]
[Date "2015.08.06"]
[Round "7"]
[White "Vuelban, Virgilio"]
[Black "Lodici, Lorenzo"]
[WhiteElo "2349"]
[BlackElo "2348"]
[Result "0-1"]
[PlyCount "56"]
[EventDate "2015.08.01"]

1. c4 e5 2. Nc3 Bb4 3. d3 Bxc3+ 4. bxc3 d6 5. Nf3 f5 6. g3 Nf6 7. Bg2 Nc6 8.
Rb1 O-O 9. Nd2 Qe8 10. e3 e4 11. d4 b6 12. O-O Na5 13. Re1 Ba6 14. Bf1 c5 15.
Ba3 Rc8 16. Rc1 g5 17. Bb4 Nb7 18. Ba3 Na5 19. Bb4 Nb7 20. Ba3 g4 21. h4 gxh3
22. Bxh3 Qg6 23. Qa4 Na5 24. Nb3 Qh5 25. Bg2 Ng4 26. Nxa5 bxa5 27. Rb1 cxd4 28.
Rb5 dxe3 0-1

[Event "I Festival Master"]
[Site "Lignano Sabbiadoro ITA"]
[Date "2015.08.07"]
[Round "8"]
[White "Balzan, Alessandro"]
[Black "Vita, Fabrizio"]
[WhiteElo "2079"]
[BlackElo "2058"]
[Result "1/2-1/2"]
[PlyCount "69"]
[EventDate "2015.08.01"]

1. e4 g6 2. d4 Bg7 3. c4 d6 4. Nf3 Nf6 5. Nc3 O-O 6. h3 c5 7. Be3 cxd4 8. Nxd4
Nc6 9. Be2 Bd7 10. O-O Nxd4 11. Bxd4 Bc6 12. f3 a5 13. Qd2 a4 14. Rfd1 Qa5 15.
Nd5 Bxd5 16. Qxa5 Rxa5 17. cxd5 Nd7 18. Rac1 Bxd4+ 19. Rxd4 Nc5 20. Bd1 Rb5 21.
Rb1 Ra8 22. Be2 Rba5 23. Kf2 f6 24. Ke3 g5 25. Rb4 Kf7 26. a3 Ke8 27. Bb5+ Kf7
28. h4 h6 29. hxg5 hxg5 30. Rh1 Kg7 31. g3 Rc8 32. Rh2 Raa8 33. Rc2 Rh8 34.
Rcc4 Rh2 35. Bxa4 1/2-1/2

[Event "I Festival Master"]
[Site "Lignano Sabbiadoro ITA"]
[Date "2015.08.07"]
[Round "8"]
[White "Balzan, Marco"]
[Black "Poliakov, Artem"]
[WhiteElo "1954"]
[BlackElo "2054"]
[Result "0-1"]
[PlyCount "74"]
[EventDate "2015.08.01"]

1. e4 d5 2. exd5 Qxd5 3. Nc3 Qd6 4. Bc4 Nf6 5. d3 a6 6. f3 e5 7. Be3 Nc6 8. Qd2
b6 9. Nge2 Be7 10. O-O-O Na5 11. Bb3 Nxb3+ 12. axb3 Be6 13. g4 Nd5 14. Nxd5
Qxd5 15. Rdf1 a5 16. Nc3 Qc6 17. h4 Bb4 18. d4 a4 19. d5 Bxc3 20. dxc6 Bxd2+
21. Bxd2 axb3 22. Bc3 f6 23. f4 exf4 24. g5 Kf7 25. cxb3 Rhd8 26. b4 Bb3 27.
Kb1 Bc4 28. Rd1 Bd3+ 29. Rxd3 Rxd3 30. gxf6 gxf6 31. Kc2 Rg3 32. Rf1 f3 33. Kd3
Re8 34. Bd4 f2+ 35. Kc4 Re4 36. Kd5 Reg4 37. Kc4 Rf3 0-1

[Event "I Festival Master"]
[Site "Lignano Sabbiadoro ITA"]
[Date "2015.08.07"]
[Round "8"]
[White "Bergamasco, Tommaso"]
[Black "Cardarelli, Angelo"]
[WhiteElo "2042"]
[BlackElo "1977"]
[Result "0-1"]
[PlyCount "84"]
[EventDate "2015.08.01"]

1. d4 Nf6 2. Bg5 c5 3. Nc3 cxd4 4. Qxd4 Nc6 5. Qh4 e6 6. O-O-O Be7 7. e4 a6 8.
f4 Qb6 9. e5 Qe3+ 10. Kb1 Ne4 11. Nxe4 Qxe4 12. Bxe7 Nxe7 13. Bd3 Qb4 14. a3
Qa4 15. Qg4 g6 16. Ne2 Nd5 17. Qf3 b5 18. Be4 Bb7 19. Bxd5 Bxd5 20. Qf2 Rc8 21.
Nd4 Qc4 22. b3 Qc5 23. Kb2 Qc3+ 24. Ka2 h5 25. Rhe1 h4 26. Re3 Qa5 27. g4 b4
28. a4 Qxa4+ 29. Kb1 Qa3 30. Qd2 Rc5 31. Qc1 Qa5 32. f5 gxf5 33. gxf5 Qc7 34.
Qb2 a5 35. f6 Kd8 36. Rc1 Qb7 37. c3 Be4+ 38. Ka1 Rg8 39. c4 a4 40. Nb5 Rg2 41.
Re2 axb3 42. Rxe4 Qa8+ 0-1

[Event "I Festival Master"]
[Site "Lignano Sabbiadoro ITA"]
[Date "2015.08.07"]
[Round "8"]
[White "Drasko, Milan"]
[Black "Somborski, Nebojsa"]
[WhiteElo "2439"]
[BlackElo "2326"]
[Result "1/2-1/2"]
[PlyCount "43"]
[EventDate "2015.08.01"]

1. Nf3 d5 2. g3 Nf6 3. Bg2 c5 4. O-O Nc6 5. c4 e6 6. cxd5 exd5 7. d4 Be7 8.
dxc5 Bxc5 9. Qc2 Bb6 10. Nc3 O-O 11. Bg5 Be6 12. Na4 h6 13. Nxb6 axb6 14. Bxf6
Qxf6 15. Qd2 Rfd8 16. a3 d4 17. Rac1 Rd7 18. Qf4 Qxf4 19. gxf4 d3 20. exd3 f6
21. d4 Bd5 22. Rfe1 1/2-1/2

[Event "I Festival Master"]
[Site "Lignano Sabbiadoro ITA"]
[Date "2015.08.07"]
[Round "8"]
[White "Kazakov, Mikhail"]
[Black "Lodici, Lorenzo"]
[WhiteElo "2491"]
[BlackElo "2348"]
[Result "1/2-1/2"]
[PlyCount "65"]
[EventDate "2015.08.01"]

1. d4 d5 2. c4 dxc4 3. Nf3 a6 4. e3 b5 5. a4 Bb7 6. b3 e6 7. bxc4 bxc4 8. Ba3
c5 9. Nbd2 cxd4 10. Bxf8 Kxf8 11. Nxc4 Nf6 12. Be2 g6 13. O-O Kg7 14. Qxd4 Qxd4
15. Nxd4 Nbd7 16. Rfc1 Bd5 17. a5 Rhb8 18. Bf1 Kf8 19. f3 e5 20. Nc2 Ra7 21. e4
Bxc4 22. Bxc4 Nc5 23. Ne3 Rab7 24. Rd1 Rd7 25. Nd5 Nxd5 26. Bxd5 Ke7 27. Rab1
Rdd8 28. Rdc1 Rbc8 29. Rb6 Rc7 30. h4 Rdc8 31. Kh2 Rd8 32. Kg3 Nxe4+ 33. fxe4
1/2-1/2

[Event "I Festival Master"]
[Site "Lignano Sabbiadoro ITA"]
[Date "2015.08.07"]
[Round "8"]
[White "Luciani, Valerio"]
[Black "Vuelban, Virgilio"]
[WhiteElo "2249"]
[BlackElo "2349"]
[Result "1-0"]
[PlyCount "56"]
[EventDate "2015.08.01"]

1. d4 Nf6 2. c4 g6 3. Nc3 d5 4. cxd5 Nxd5 5. e4 Nxc3 6. bxc3 Bg7 7. Bc4 c5 8.
Ne2 Nc6 9. Be3 O-O 10. Rc1 Qc7 11. h4 Qa5 12. Kf1 e6 13. h5 cxd4 14. cxd4 Rd8
15. hxg6 hxg6 16. f4 b5 17. Bb3 Ne7 18. Bd2 Qa6 19. Qe1 Rd7 20. f5 exf5 21. e5
Bb7 22. Bg5 b4 23. Bc4 Qb6 24. Qh4 Kf8 25. Bh6 Ng8 26. Bxg7+ Kxg7 27. Qh8+ Kf8
28. Rh7 Qd8 1-0

[Event "I Festival Master"]
[Site "Lignano Sabbiadoro ITA"]
[Date "2015.08.07"]
[Round "8"]
[White "Micottis, Dorian"]
[Black "Solomon, Kenny"]
[WhiteElo "2228"]
[BlackElo "2380"]
[Result "0-1"]
[PlyCount "60"]
[EventDate "2015.08.01"]

1. e4 e5 2. Nf3 Nc6 3. Bb5 a6 4. Ba4 Nf6 5. O-O Be7 6. d4 exd4 7. Re1 d6 8.
Nxd4 Bd7 9. Nxc6 Bxc6 10. Bxc6+ bxc6 11. c4 Nd7 12. Nc3 O-O 13. Be3 Bf6 14. Bd4
Rb8 15. Re2 Rb4 16. b3 Re8 17. f4 Bxd4+ 18. Qxd4 f6 19. Rd1 Qe7 20. Rd3 Nc5 21.
Rh3 a5 22. Qd2 Reb8 23. Qe1 h6 24. e5 dxe5 25. fxe5 f5 26. Rf3 a4 27. Nb5 Ne6
28. a3 Rxb3 29. Rxb3 axb3 30. Nc3 Qxa3 0-1